Statistics for Every Song by Living Colour

Click here to take the quiz!

General Stats

  • This quiz has been taken 2 times
  • The average score is 5 of 84

Answer Stats

AlbumSong% Correct
Vivid(1988)Cult of Personality
100%
Dread(1993)17 Days
50%
The Chair in the Doorway(Hidden)(2009)Asshole
50%
Stain(1993)Bi
50%
Stain(1993)Go Away
50%
Time's Up(1990)Pride
50%
Time's Up(1990)Someone Like You
50%
The Chair in the Doorway(2009)The Chair
50%
Time's Up(1990)Time's Up
50%
Shade(2017)Always Wrong
0%
Collideøscope(2003)A ? of When
0%
Stain(1993)Ausländer
0%
The Chair in the Doorway(2009)Behind the Sun
0%
Shade(2017)Blak Out
0%
The Chair in the Doorway(2009)Bless Those (Little Annie's Prayer)
0%
Vivid(1988)Broken Hearts
0%
The Chair in the Doorway(2009)Burned Bridges
0%
Collideøscope(2003)Choices Mash Up
0%
Shade(2017)Come On
0%
The Chair in the Doorway(2009)Decadance
0%
Vivid(1988)Desperate People
0%
Time's Up(1990)Elvis Is Dead
0%
Time's Up(1990)Fight the Fight
0%
Time's Up(Bonus)(1990)Final Solution
0%
Collideøscope(2003)Flying
0%
Shade(2017)Freedom of Expression (F.O.X.)
0%
Vivid(1988)Funny Vibe
0%
Vivid(1988)Glamour Boys
0%
Shade(2017)Glass Teeth
0%
Collideøscope(2003)Great Expectation
0%
The Chair in the Doorway(2009)Hard Times
0%
Stain(1993)Hemp
0%
Time's Up(1990)History Lesson
0%
Collideøscope(2003)Holy Roller
0%
Stain(1993)Ignorance Is Bliss
0%
Time's Up(1990)Information Overload
0%
Shade(2017)Invisible
0%
Collideøscope(2003)In Your Name
0%
Vivid(1988)I Want to Know
0%
Stain(1993)Leave It Alone
0%
Live from CBGB's(2005)Little Lies
0%
Collideøscope(2003)Lost Halo
0%
Time's Up(1990)Love Rears Its Ugly Head
0%
The Chair in the Doorway(2009)Method
0%
Vivid(1988)Middle Man
0%
Stain(1993)Mind Your Own Business
0%
Biscuits(1991)Money Talks
0%
Stain(1993)Never Satisfied
0%
Time's Up(1990)New Jack Theme
0%
Collideøscope(2003)Nightmare City
0%
Stain(1993)Nothingness
0%
The Chair in the Doorway(2009)Not Tomorrow
0%
Collideøscope(2003)Nova
0%
Time's Up(1990)Ology
0%
Vivid(1988)Open Letter (To a Landlord)
0%
Collideøscope(2003)Operation: Mind Control
0%
The Chair in the Doorway(2009)Out of My Mind
0%
Shade(2017)Pattern in Time
0%
Collideøscope(2003)Pocket of Tears
0%
Stain(1993)Postman
0%
Shade(2017)Program
0%
Pride(1995)Release the Pressure
0%
Collideøscope(2003)Sacred Ground
0%
Pride(1995)Sacred Ground
0%
Time's Up(1990)Solace of You
0%
Live from CBGB's(2005)Soldier's Blues
0%
Collideøscope(2003)Song Without Sin
0%
Time's Up(1990)Tag Team Partners
0%
Instant Live: Avalon, Boston, MA 10/17/04(2005)Terrorism
0%
The Chair in the Doorway(2009)That's What You Taught Me
0%
Pride(1995)These Are Happy Times
0%
Time's Up(1990)This Is the Life
0%
Stain(1993)This Little Pig
0%
Stain(1993)T.V. News
0%
Shade(2017)Two Sides
0%
Time's Up(1990)Type
0%
Time's Up(1990)Under Cover of Darkness
0%
Pride(1995)Visions
0%
Stain(1993)Wall
0%
Vivid(1988)What's Your Favorite Color?
0%
Vivid(1988)Which Way to America?
0%
Shade(2017)Who's That
0%
Stain(1993)WTFF
0%
The Chair in the Doorway(2009)Young Man
0%

Score Distribution

Percentile by Number Answered

Percent of People with Each Score

Your Score History

You have not taken this quiz